Metodologia de la investigación (Registro nro. 1974)

Detalles MARC
000 -CABECERA
Longitud fija campo de control 00976nam a22002777a 4500
003 - IDENTIFICADOR DELl NÚMERO DE CONTROL
Identificador del número de control OSt
005 - FECHA Y HORA DE LA ÚLTIMA TRANSACCIÓN
Fecha y hora de la última transacción 20140826213002.0
008 - CÓDIGOS DE INFORMACIÓN DE LONGITUD FIJA
Códigos de información de longitud fija 130909b xxu||||| |||| 00| 0 eng d
020 ## - NÚMERO INTERNACIONAL NORMALIZADO PARA LIBROS
Número Internacional Normalizado para Libros (ISBN) 958-699-002-8
040 ## - FUENTE DE LA CATALOGACIÓN
Centro catalogador de origen BMC
Centro transcriptor BMC
082 ## - NÚMERO DE LA CLASIFICACIÓN DECIMAL DEWEY
Númeroo de clasificación 001.42
082 ## - NÚMERO DE LA CLASIFICACIÓN DECIMAL DEWEY
Númeroo de clasificación 300.00142
082 ## - NÚMERO DE LA CLASIFICACIÓN DECIMAL DEWEY
Númeroo de clasificación 300.1
100 10 - PUNTO DE ACCESO PRINCIPAL-NOMBRE DE PERSONA
9 (RLIN) 3283
Nombre de persona Bernal Torres, César Augusto
245 10 - MENCIÓN DE TÍTULO
Título Metodologia de la investigación
Resto del título : para administración y economía
Mención de responsabilidad, etc. César Augusto Bernal Torres ; revisión técnica, Duván Salarrieta, Tomás Sánchez Amaya, Rosalba Salazar
250 ## - MENCIÓN DE EDICIÓN
Mención de edición 1ª ed
260 ## - PUBLICACIÓN, DISTRIBUCIÓN, ETC. (PIE DE IMPRENTA)
Lugar de publicación, distribución, etc. Santa Fé de Bogotá [etc.]
Nombre del editor, distribuidor, etc. Pearson Educación
Fecha de publicación, distribución, etc. 2000
300 ## - DESCRIPCIÓN FÍSICA
Extensión XVI, 262 p.
Otras características físicas il., gráf.
Dimensiones 24 cm
650 ## - PUNTO DE ACCESO ADICIONAL DE MATERIA - TÉRMINO DE MATERIA
9 (RLIN) 168
Término de materia o nombre geográfico como elemento inicial Investigación
Subdivisión de materia general Metodología
650 ## - PUNTO DE ACCESO ADICIONAL DE MATERIA - TÉRMINO DE MATERIA
9 (RLIN) 4837
Término de materia o nombre geográfico como elemento inicial Ciencias sociales
Subdivisión de materia general Investigación
650 ## - PUNTO DE ACCESO ADICIONAL DE MATERIA - TÉRMINO DE MATERIA
9 (RLIN) 3374
Término de materia o nombre geográfico como elemento inicial Ciencias sociales
Subdivisión de materia general Metodología
700 10 - PUNTO DE ACCESO ADICIONAL - NOMBRE DE PERSONA
9 (RLIN) 4847
Nombre de persona Salazar, Rosalba
700 10 - PUNTO DE ACCESO ADICIONAL - NOMBRE DE PERSONA
9 (RLIN) 4845
Nombre de persona Salavarrieta, Duván
700 10 - PUNTO DE ACCESO ADICIONAL - NOMBRE DE PERSONA
9 (RLIN) 4846
Nombre de persona Sánchez Amaya, Tomás
942 ## - ENTRADA DE ELEMENTOS AGREGADOS (KOHA)
Fuente de clasificaión o esquema Dewey Decimal Classification
Koha [por defecto] tipo de item 1- Monografias
Existencias
Suprimido Perdido Fuente de clasificación o esquema Estropeado Restricciones de uso No para préstamo Código de colección Localización permanente Localización actual Localización en estanter&íacute;as Fecha adquisición Fuente de adquisición Número de inventario Préstamos totales Signatura completa Código de barras Fecha última consulta Fecha último préstamo Coste, precio reemplazado Fecha del precio de reemplazo Tipo de item de Koha
NULL NULL Dewey Decimal Classification NULL Prestable NULL NULL Biblioteca Miguel de Cervantes - UNICAES Biblioteca Miguel de Cervantes - UNICAES Sala Principal 30/08/2002 Compra 002436 2 001.42 BER met 1002436 09/08/2019 31/07/2019 12.00 10/09/2013 1- Monografias
NULL NULL Dewey Decimal Classification NULL Prestable NULL NULL Biblioteca Miguel de Cervantes - UNICAES Biblioteca Miguel de Cervantes - UNICAES Sala Principal 30/08/2002 Compra 002437   001.42 BER met 1002437 10/09/2013   12.00 10/09/2013 1- Monografias